Fruits Basket Character Quiz - Statistics

General Stats
  • This quiz has been taken 823 times
  • The average score is 15 of 29
Answer Stats
Answer % Correct
Kyou Sohma
97%
Tohru Honda
96%
Yuki Sohma
96%
Shigure Sohma
83%
Akito Sohma
80%
Momiji Sohma
79%
Hatsuharu Sohma
72%
Hatori Sohma
71%
Ayame Sohma
69%
Isuzu Sohma
69%
Kisa Sohma
69%
Hiro Sohma
64%
Saki Hanajima
61%
Kagura Sohma
60%
Arisa Uotani
58%
Ritsu Sohma
50%
Kureno Sohma
47%
Kyouko Honda
46%
Machi Kuragi
35%
Ren Sohma
35%
Kana Sohma
26%
Kazuma Sohma
24%
Kakeru Manabe
23%
Katsuya Honda
20%
Kimi Todo
17%
Mine Kuramae
16%
Motoko Minagawa
16%
Mayuko Shiraki
14%
Mitsuru
8%
No matching quizzes found
Score Distribution
Percent of People with Each Score
Percentile by Number Answered
Your Score History
You have not taken this quiz